| 000 | 00407nam a2200169 a 4500 | ||
|---|---|---|---|
| 001 | 3569 | ||
| 003 | CO-ViMGA | ||
| 008 | 141112s2004 ck r 000 u spa d | ||
| 040 |
_aCO-ViMGA _bspa _cCO-ViMGA |
||
| 082 | 0 | 4 | _a634.99 R356 |
| 100 | 1 |
_aRemon Eraso, Juan _953469 |
|
| 245 | 1 | 0 | _aPrados y forrajes |
| 260 |
_aBarcelona : _bAedos, _c1985 |
||
| 300 | _a275 p : il | ||
| 650 | 1 | 4 | _aPASTOS |
| 942 |
_2ddc _cBK |
||
| 999 |
_c15612 _d15612 |
||